[Event "Reykjavik op"]
[Site "Reykjavik"]
[Date "2016.03.10"]
[Round "4"]
[White "Knoepfle, Andreas"]
[Black "Hjaltalin, Thor"]
[Result "0-1"]
[WhiteElo "1905"]
[BlackElo "1580"]
[PlyCount "60"]
[EventDate "2016.03.08"]
[EventType "swiss"]
[EventRounds "10"]
[EventCountry "ISL"]
[SourceTitle "CBM 171 Extra"]
[Source "ChessBase"]
[SourceDate "2016.04.26"]
[SourceVersion "1"]
[SourceVersionDate "2016.04.26"]
[SourceQuality "1"]

1. d4 d5 2. Nf3 c6 3. c4 Nf6 4. cxd5 cxd5 5. Nc3 Nc6 6. Bf4 a6 7. e3 e6 8. Bd3 Bd6 9. Bxd6 Qxd6 10. Rc1 0-0 11. 0-0 b5 12. Nd2 Bb7 13. Nb3 Nd7 14. Qh5 g6 15. Qg5 Qe7 16. Qg3 Rac8 17. Ne2 e5 18. dxe5 Ncxe5 19. Bb1 Nc4 20. Rc2 Nf6 21. Nd2 Ne4 22. Nxe4 dxe4 23. Rfc1 Rfd8 24. Nd4 Nxb2 25. Qg4 Rxc2 26. Rxc2 Nd3 27. Rd2 Rc8 28. Bxd3 exd3 29. Qd1 Qa3 30. Qb3 Rc1+ 0-1

[Event "Reykjavik op"]
[Site "Reykjavik"]
[Date "2016.03.08"]
[Round "1"]
[White "Thorfinnsson, Bjorn"]
[Black "Knoepfle, Andreas"]
[Result "1-0"]
[WhiteElo "2410"]
[BlackElo "1905"]
[PlyCount "139"]
[EventDate "2016.03.08"]
[EventType "swiss"]
[EventRounds "10"]
[EventCountry "ISL"]
[SourceTitle "CBM 171 Extra"]
[Source "ChessBase"]
[SourceDate "2016.04.26"]
[SourceVersion "1"]
[SourceVersionDate "2016.04.26"]
[SourceQuality "1"]

1. d4 d5 2. Bg5 Nf6 3. e3 e6 4. Bd3 Nbd7 5. Nd2 Be7 6. f4 b6 7. c3 Bb7 8. Qc2 c5 9. Ngf3 0-0 10. h3 c4 11. Be2 b5 12. a4 a6 13. b3 Nb6 14. axb5 axb5 15. 0-0 Qd6 16. Rab1 Ra6 17. Rb2 Rfa8 18. bxc4 bxc4 19. Rfb1 Bc8 20. e4 Qd8 21. Ne5 Bd7 22. Bf3 Ba4 23. Qc1 Ba3 24. Qe1 Bxb2 25. Rxb2 Qc7 26. Bxf6 gxf6 27. Qg3+ Kh8 28. Ng4 Rg8 29. Qh2 Qe7 30. e5 f5 31. Nf6 Rg7 32. Rb4 Bc2 33. g4 Nd7 34. Rb7 Ba4 35. g5 Bc6 36. Rb4 Rb6 37. Rxb6 Nxb6 38. Nb1 Qa7 39. Qb2 Nd7 40. Qa3 Qxa3 41. Nxa3 Nxf6 42. exf6 Rg8 43. Nxc4 dxc4 44. Bxc6 Rb8 45. d5 exd5 46. Bxd5 Kg8 47. Bxc4 Rc8 48. Be2 Rxc3 49. Kg2 Kf8 50. h4 Ra3 51. h5 Rc3 52. Kf2 Kg8 53. Bb5 Rc5 54. Bd3 Rd5 55. Ke3 Ra5 56. Bc4 Kf8 57. Kd3 Ke8 58. Kc3 Ra3+ 59. Kd4 Ra5 60. Bb3 Ra3 61. Bc2 Ra5 62. Kc4 Kd7 63. Kb4 Rd5 64. Bb3 Rd4+ 65. Kc5 Rxf4 66. Bxf7 Rg4 67. g6 hxg6 68. hxg6 f4 69. Kd5 f3 70. Be6+ 1-0